Podiums du MVP de la NBA depuis l'an 2000 - Statistiques

Statistiques générales
  • Ce quiz a été pris 174 fois
  • Le résultat moyen est 22 sur 29
Statistiques - réponses
Réponses % Correct
LeBron James
100%
Nikola Jokic
98%
Stephen Curry
98%
Kobe Bryant
96%
Giannis Antetokounmpo
94%
Kevin Durant
94%
Shai Gilgeous-Alexander
94%
James Harden
93%
Shaquille O'Neal
92%
Joel Embiid
89%
Russell Westbrook
89%
Derrick Rose
87%
Allen Iverson
86%
Tim Duncan
85%
Luka Doncic
83%
Dirk Nowitzki
80%
Steve Nash
79%
Kevin Garnett
76%
Kawhi Leonard
72%
Dwyane Wade
70%
Jermaine O'Neal
70%
Chris Paul
61%
Paul George
57%
Anthony Davis
55%
Carmelo Anthony
49%
Dwight Howard
42%
Jason Kidd
42%
Blake Griffin
31%
Alonzo Mourning
15%
Aucun quiz correspondant
Distribution des résultats
% des personnes avec chaque résultat
Percentile par nombre de réponses
Votre historique - résultats
Vous n’avez pas pris ce quiz